Advanced inorganic chemistry: A comprehensive text (Record no. 19701)

MARC details
000 -LEADER
fixed length control field 00352nam a2200133Ia 4500
082 ## - DEWEY DECIMAL CLASSIFICATION NUMBER
Classification number 546
Item number COT
100 ## - MAIN ENTRY--AUTHOR NAME
Personal name Wilkinson, F Albert
245 #0 - TITLE STATEMENT
Title Advanced inorganic chemistry: A comprehensive text
260 ## - PUBLICATION, DISTRIBUTION, ETC. (IMPRINT)
Place of publication New York
Name of publisher John Wiley
Year of publication 1962
650 ## - SUBJECT ADDED ENTRY--TOPICAL TERM
Topical Term Inorganic chemistry
700 ## - ADDED ENTRY--PERSONAL NAME
Personal name G
942 ## - ADDED ENTRY ELEMENTS (KOHA)
Koha item type Books
Holdings
Withdrawn status Lost status Damaged status Not for loan Home library Current library Date acquired Cost, normal purchase price Full call number Accession Number Koha item type
        RRII Library RRII Library 16/12/2021 14.50 546 COT 00433 Books